[Event "2009 año del buey"]
[Site "SchemingMind.com"]
[Date "2009.02.23"]
[Round "-"]
[White "tyler_ensor"]
[Black "jtrochez1"]
[Result "1-0"]
[WhiteCountry "CAN"]
[BlackCountry "HON"]
[WhiteElo "1758"]
[WhiteRD "79"]
[BlackElo "1534"]
[BlackRD "51"]
[GameID "193592"]

1. d4 d5 2. c4 e6 3. Nc3 Nf6 4. Bg5 Be7 5. e3 c6 6. Nf3 Nbd7 7. Rc1 a6 8. Bd3 h6 9. Bh4 c5 10. cxd5 exd5
11. dxc5 Nxc5 12. Bb1 O-O 13. Bxf6 Bxf6 14. Nxd5 Ne6 15. Nxf6+ Qxf6 16. Qc2 Re8 17. O-O b5 18. Qc6 Nc7 19. Qxf6 gxf6 20. Rxc7 Be6
21. Rfc1 Kg7 22. b3 Red8 23. Be4 Rab8 24. Nd4 Rb6 25. Nxe6+ Rxe6 26. Bd5 Rxd5 27. Kf1 Rd2 28. R7c2 Rxc2 29. Rxc2 b4 30. Ke2 f5
31. Rc4 a5 32. Rc5 Ra6 33. Rxf5 a4 34. Rb5 axb3 35. axb3 Ra2+ 36. Kf3 Kg6 37. Rxb4 f5 38. Rb8 Rb2 39. b4 Kf6 40. b5 Ke7
41. b6 Kd7 42. b7 Kc7 43. Rh8 Rxb7 44. Rh7+ Kc6 45. Rxb7 Kxb7 46. Kf4
1-0

[Event "2009 año del buey"]
[Site "SchemingMind.com"]
[Date "2009.02.23"]
[Round "-"]
[White "tyler_ensor"]
[Black "fouche"]
[Result "1-0"]
[WhiteCountry "CAN"]
[BlackCountry "COL"]
[WhiteElo "1730"]
[WhiteRD "95"]
[BlackElo "1592"]
[BlackRD "59"]
[GameID "193593"]

1. d4 Nf6 2. c4 e6 3. Nf3 d5 4. Bg5 c6 5. Nc3 Nbd7 6. e3 Be7 7. Rc1 O-O 8. Bd3 Qc7 9. Bf4 Bd6 10. Bxd6 Qxd6
11. O-O a6 12. c5 Qc7 13. Re1 b5 14. cxb6 Qxb6 15. Na4 Qc7 16. Nc5 Nxc5 17. Rxc5 Nd7 18. Rc3 Bb7 19. Qc2 Nf6 20. Rc1 Rfc8
21. Ne5 Qa5 22. a3 Rc7 23. Nxc6 Bxc6 24. Rxc6 Rxc6 25. Qxc6 Rf8 26. Qc7 Qd2 27. Qc3 Qxc1+ 28. Qxc1
1-0

[Event "2009 año del buey"]
[Site "SchemingMind.com"]
[Date "2009.02.23"]
[Round "-"]
[White "tyler_ensor"]
[Black "Mitchell-in"]
[Result "1/2-1/2"]
[WhiteCountry "CAN"]
[BlackCountry "ENG"]
[WhiteElo "1730"]
[WhiteRD "95"]
[BlackElo "1731"]
[BlackRD "62"]
[GameID "193594"]

1. c4 e6 2. Nf3 d5 3. b3 Nf6 4. Bb2 Be7 5. g3 O-O 6. Bg2 c5 7. O-O Nc6 8. d3 d4 9. Nbd2 h6 10. Qc2 e5
11. a3 Be6 12. e4 Nd7 13. Rae1 f5 14. Re2 Bf6 15. exf5 Bxf5 16. Ne1 Bh7 17. Ne4 Qc7 18. Bc1 a6 19. Nxf6+=
1/2-1/2

[Event "2009 año del buey"]
[Site "SchemingMind.com"]
[Date "2009.02.22"]
[Round "-"]
[White "tyler_ensor"]
[Black "kwabena"]
[Result "1-0"]
[WhiteCountry "CAN"]
[BlackCountry "ENG"]
[WhiteElo "1730"]
[WhiteRD "95"]
[BlackElo "1612"]
[BlackRD "68"]
[GameID "193595"]

1. Nf3 d5 2. c4 c6 3. b3 b5 4. cxb5 cxb5 5. Bb2 Bf5 6. g3 e6 7. Bg2 Nf6 8. O-O Be7 9. d3 Nc6 10. Nbd2 O-O
11. Rc1 Rc8 12. Nh4 Bg6 13. Nxg6 fxg6 14. Nf3 Qd7 15. Qd2 a6 16. h3 Nb4 17. Ne5 Qd6 18. a3 Nc6 19. Nxc6 Rxc6 20. Rxc6 Qxc6
21. Rc1 Qd7 22. Qc3 Qd6 23. Qc6 Ne8 24. Qxd6 Bxd6 25. Rc6 a5 26. h4 Rf7 27. Bh3 Re7 28. e4 dxe4 29. dxe4 e5 30. Bf1 Kf7
31. Bxb5 Nc7 32. Bc4+ Ke8 33. Rxd6
1-0

[Event "2009 año del buey"]
[Site "SchemingMind.com"]
[Date "2009.02.23"]
[Round "-"]
[White "tyler_ensor"]
[Black "myghtyhill"]
[Result "1-0"]
[WhiteCountry "CAN"]
[BlackCountry "CHN"]
[WhiteElo "1730"]
[WhiteRD "95"]
[BlackElo "1707"]
[BlackRD "80"]
[GameID "193596"]

1. d4 d5 2. c4 dxc4 3. Nf3 Nf6 4. e3 e6 5. Bxc4 c5 6. O-O Nc6 7. Nc3 a6 8. a4 Be7 9. dxc5 O-O 10. Qc2 Bxc5
11. Rd1 Qe7 12. Ne4 Ba7 13. Bd2 Nxe4 14. Qxe4 f5 15. Qc2 Bd7 16. Bc3 Rac8 17. Qb3 Nd8 18. Ne5 Bc6 19. Rxd8 Rcxd8 20. Bxe6+ Kh8
21. Nf7+ Rxf7 22. Bxf7 Rd7 23. Be6 Rd6 24. Bxf5 Bxg2 25. Kxg2 Qg5+ 26. Kf1 Qxf5 27. Qxb7 Qh3+ 28. Ke1
1-0

[Event "2009 año del buey"]
[Site "SchemingMind.com"]
[Date "2009.02.23"]
[Round "-"]
[White "tyler_ensor"]
[Black "GMCasefoncz"]
[Result "0-1"]
[WhiteCountry "CAN"]
[BlackCountry "NCA"]
[WhiteElo "1758"]
[WhiteRD "79"]
[BlackElo "2125"]
[BlackRD "92"]
[GameID "193597"]

1. b3 d5 2. Bb2 Nc6 3. Nf3 Bg4 4. e3 Nf6 5. Bb5 a6 6. Bxc6+ bxc6 7. h3 Bh5 8. Nc3 e6 9. O-O Bd6 10. Ne2 Bxf3
11. gxf3 O-O 12. Kh1 e5 13. Rg1 Qd7 14. Qf1 Qf5 15. Qg2= g6 16. d3 Rfe8 17. h4 Qe6 18. Ng3 h5 19. e4 Kh7 20. Nf5 Bf8
21. Ng3 Bc5 22. Rad1 a5 23. a4 Rad8 24. Bc3 Nd7 25. Nxh5 Rh8 26. Ng3 Kg8 27. h5 Nf6 28. Rgf1 Nxh5 29. Nxh5 Rxh5+ 30. Kg1 dxe4
31. fxe4 Rh4 32. Qf3 Rg4+ 33. Kh1 g5 34. Qh3 Rh4 35. Qxh4 gxh4 36. Kg2 Qg4+ 37. Kh1 Qh3+
0-1

[Event "2009 año del buey"]
[Site "SchemingMind.com"]
[Date "2009.02.22"]
[Round "-"]
[White "jtrochez1"]
[Black "tyler_ensor"]
[Result "0-1"]
[WhiteCountry "HON"]
[BlackCountry "CAN"]
[WhiteElo "1578"]
[WhiteRD "51"]
[BlackElo "1730"]
[BlackRD "95"]
[GameID "193598"]

1. e4 e5 2. Nf3 Nc6 3. d4 exd4 4. Nxd4 Nf6 5. Nxc6 bxc6 6. Bd3 d5 7. e5 Ng4 8. Bf4 Bc5 9. O-O g5 10. Bg3 h5
11. h3 h4 12. Bh2 Nxh2 13. Kxh2 Bd4 14. c3 Bxe5+ 15. Kh1 Be6 16. Nd2 Qd7 17. Nf3 Bf4 18. Ng1 g4 19. Re1 Kf8 20. Bf1 gxh3
21. gxh3 Rg8 22. f3 Rg3 23. Bg2 Bxh3 24. Re2 Bxg2+ 25. Rxg2 Rxg2 26. Kxg2 Rb8 27. Qd4 Rxb2+ 28. Kh1 Rh2#
0-1

[Event "2009 año del buey"]
[Site "SchemingMind.com"]
[Date "2009.02.23"]
[Round "-"]
[White "fouche"]
[Black "tyler_ensor"]
[Result "0-1"]
[WhiteCountry "COL"]
[BlackCountry "CAN"]
[WhiteElo "1592"]
[WhiteRD "59"]
[BlackElo "1730"]
[BlackRD "95"]
[GameID "193599"]

1. c4 Nf6 2. Nc3 e6 3. d4 d5 4. Bg5 Nbd7 5. Nf3 c6 6. e3 Qa5 7. Bxf6 Nxf6 8. Rc1 Bb4 9. Bd3 dxc4 10. Bxc4 Nd5
11. Qd2 Nxc3 12. bxc3 Ba3 13. Rc2 O-O 14. O-O c5 15. Qe2 cxd4 16. cxd4 Bd6 17. e4 a6 18. e5 Be7 19. Bd3 b5 20. h4 Bb7
21. Rfc1 Ba3 22. Bxh7+ Kh8 23. Ng5 Bxc1 24. Qh5 Qe1+ 25. Kh2 Bf4+ 26. Kh3 Qh1+
0-1

[Event "2009 año del buey"]
[Site "SchemingMind.com"]
[Date "2009.02.23"]
[Round "-"]
[White "Mitchell-in"]
[Black "tyler_ensor"]
[Result "1/2-1/2"]
[WhiteCountry "ENG"]
[BlackCountry "CAN"]
[WhiteElo "1721"]
[WhiteRD "58"]
[BlackElo "1758"]
[BlackRD "79"]
[GameID "193600"]

1. e4 c6 2. d4 d5 3. f3 e6 4. c4 dxe4 5. Nc3 Nf6 6. fxe4 Bb4 7. Qd3 e5 8. dxe5 Bxc3+ 9. bxc3 Ng4 10. Nf3 Nd7
11. Bf4 Nc5 12. Qxd8+ Kxd8 13. Ng5 Ke7 14. h3 f6 15. hxg4 fxg5 16. Bxg5+ Kf7 17. Be2 Nxe4 18. O-O+ Ke6 19. Bf4 Nxc3 20. Bf3 Na4
21. Rad1 Nc5=
1/2-1/2

[Event "2009 año del buey"]
[Site "SchemingMind.com"]
[Date "2009.02.22"]
[Round "-"]
[White "kwabena"]
[Black "tyler_ensor"]
[Result "0-1"]
[WhiteCountry "ENG"]
[BlackCountry "CAN"]
[WhiteElo "1612"]
[WhiteRD "68"]
[BlackElo "1730"]
[BlackRD "95"]
[GameID "193601"]

1. d4 d5 2. Bf4 Bf5 3. e3 e6 4. c4 Nf6 5. a3 c6 6. c5 Nbd7 7. h3 Be7 8. Nf3 Ne4 9. Be2 O-O 10. Qb3 b5
11. Nc3 Ndf6 12. Ne5 Rc8 13. O-O Nxc3 14. bxc3 Nd7 15. Nf3 f6 16. Rfd1 e5 17. Bh2 Qe8 18. Bd3 Bxd3 19. Rxd3 e4 20. Rd2 exf3
21. gxf3 Qh5 22. Kg2 f5 23. f4 Rf6 24. Rh1 Rg6+ 25. Bg3 Bh4 26. Qc2 Bxg3 27. fxg3 Qh4 28. Kf1 Qxg3 29. Rf2 Qxe3 30. Rhh2 Qe4
31. Qd2 Qb1+ 32. Ke2 Re8+ 33. Qe3 Rxe3+ 34. Kxe3 Rg3+ 35. Rf3 Qe4+
0-1

[Event "2009 año del buey"]
[Site "SchemingMind.com"]
[Date "2009.02.23"]
[Round "-"]
[White "myghtyhill"]
[Black "tyler_ensor"]
[Result "0-1"]
[WhiteCountry "CHN"]
[BlackCountry "CAN"]
[WhiteElo "1719"]
[WhiteRD "81"]
[BlackElo "1758"]
[BlackRD "79"]
[GameID "193602"]

1. Nf3 Nf6 2. d4 d5 3. c4 e6 4. e3 c6 5. Nc3 Nbd7 6. Bd3 dxc4 7. Bxc4 b5 8. Bb3 b4 9. Ne2 Bb7 10. Ng3 Ba6
11. a3 bxa3 12. bxa3 c5 13. d5 c4 14. dxe6 cxb3 15. Qxb3 Nb6 16. exf7+ Kd7 17. Bb2 Kc7 18. Rc1+ Kb7 19. Ne2 Rc8 20. Nfd4 Rxc1+
21. Bxc1 Bc4 22. Qc2 Bxf7 23. O-O Qc7 24. Qf5 Bg6 25. Qb5 Bd6 26. Bb2 Bxh2+ 27. Kh1 Bd6 28. Rc1 Qd7 29. Qb3 Rc8 30. Rxc8 Qxc8
31. a4 Qc4 32. Qd1 Qxa4 33. Qxa4 Nxa4 34. Nb5 Nxb2 35. Nxd6+ Kc6 36. Nc8 a5 37. Ne7+ Kc5 38. Nxg6 hxg6 39. Nc1 Kc4 40. Kg1 Nd3
41. Kf1 Nxc1 42. Ke1 Nd3+ 43. Kd2 Kb3 44. Kxd3 a4 45. f4 a3 46. g3 a2 47. Kd4 a1=Q+
0-1

[Event "2009 año del buey"]
[Site "SchemingMind.com"]
[Date "2009.02.23"]
[Round "-"]
[White "GMCasefoncz"]
[Black "tyler_ensor"]
[Result "1-0"]
[WhiteCountry "NCA"]
[BlackCountry "CAN"]
[WhiteElo "2125"]
[WhiteRD "92"]
[BlackElo "1758"]
[BlackRD "79"]
[GameID "193603"]

1. e4 e6 2. d4 d5 3. Nc3 Nf6 4. e5 Nfd7 5. Nce2 c5 6. c3 Nc6 7. f4 Qb6 8. Nf3 cxd4 9. Nexd4 Nxd4 10. cxd4 f6
11. Be2 Be7 12. O-O O-O 13. a4 a6= 14. a5 Qd8 15. Bd2 Nb8 16. exf6 Bxf6 17. Ne5 Nc6 18. Nxc6 bxc6 19. Bb4 Be7 20. Qd2 Rb8
21. Bxe7 Qxe7 22. Rac1 Qb7 23. Rc2 Bd7 24. g3 Rfe8 25. Rf3 Qa7 26. Kg2 Rf8 27. Re3 Qb7 28. Bg4 Rf6 29. Qe2 Re8 30. Re5 Re7
31. Qe3 Qb5 32. Qa3 Ref7 33. Re3 g5 34. Rb3 Qxb3 35. Qxb3 gxf4 36. Qb8+ Kg7 37. Bh5 f3+ 38. Kf2
1-0

[Event "2009 año del buey"]
[Site "SchemingMind.com"]
[Date "2009.02.24"]
[Round "-"]
[White "klagefall"]
[Black "jtrochez1"]
[Result "1-0"]
[WhiteCountry "GER"]
[BlackCountry "HON"]
[WhiteElo "1953"]
[WhiteRD "73"]
[BlackElo "1580"]
[BlackRD "48"]
[GameID "193711"]

1. d4 d5 2. c4 e6 3. Nf3 Nd7 4. Bg5 Ngf6 5. e3 Be7 6. Nc3 c6 7. Rc1 O-O 8. Bd3 Qa5 9. O-O h6 10. Bh4 Re8
11. a3 dxc4 12. Bxc4 Nd5 13. Bg3 Nxc3 14. Rxc3 Qd8 15. e4 Kh8 16. Ba2 Bf6 17. e5 Be7 18. Bb1 Nf8 19. h4 f5 20. exf6 Bxf6
21. Ne5 Bxe5 22. Bxe5 Nh7 23. Qh5 Nf6 24. Qg6
1-0

[Event "2009 año del buey"]
[Site "SchemingMind.com"]
[Date "2009.02.24"]
[Round "-"]
[White "klagefall"]
[Black "fouche"]
[Result "1-0"]
[WhiteCountry "GER"]
[BlackCountry "COL"]
[WhiteElo "1953"]
[WhiteRD "73"]
[BlackElo "1571"]
[BlackRD "53"]
[GameID "193712"]

1. d4 Nf6 2. c4 c5 3. d5 e5 4. Nc3 d6 5. e4 Bd7 6. Nf3 Be7 7. Be2 Na6 8. O-O Nc7 9. a3 a6 10. b4 b6
11. h3 Rb8 12. Rb1 O-O 13. Be3 Qe8 14. Qc2 b5 15. bxc5 dxc5 16. Nxe5 b4 17. Nxd7 Nxd7 18. axb4 cxb4 19. Na4 a5 20. c5 Nb5
21. Bxb5 Rxb5 22. Qc4 Ne5 23. Qe2 Qb8 24. d6 Bf6 25. Nb6 Rxb6 26. cxb6 Qxd6 27. Qb5 Rb8 28. Qxa5 Nc4 29. Qxb4 Qe6 30. b7 Nd6
31. Bf4 Be7 32. Bxd6 Bxd6 33. Qd4 Kf8 34. Rfd1 Ke7 35. Rb6
1-0

[Event "2009 año del buey"]
[Site "SchemingMind.com"]
[Date "2009.02.23"]
[Round "-"]
[White "klagefall"]
[Black "Mitchell-in"]
[Result "1-0"]
[WhiteCountry "GER"]
[BlackCountry "ENG"]
[WhiteElo "1981"]
[WhiteRD "68"]
[BlackElo "1731"]
[BlackRD "62"]
[GameID "193713"]

1. d4 d5 2. c4 e6 3. Nf3 Nf6 4. Bg5 Nbd7 5. e3 c6 6. Nbd2 Be7 7. Bd3 O-O 8. O-O c5 9. cxd5 exd5 10. Rc1 b6
11. Qc2 Bb7 12. Bf5 Rc8 13. Qa4 h6 14. Bxf6 Bxf6 15. Qxd7 Qxd7 16. Bxd7 Rcd8 17. Bf5 g6 18. Bb1 Ba6 19. Rfe1 c4 20. e4
1-0

[Event "2009 año del buey"]
[Site "SchemingMind.com"]
[Date "2009.02.23"]
[Round "-"]
[White "klagefall"]
[Black "kwabena"]
[Result "1-0"]
[WhiteCountry "GER"]
[BlackCountry "ENG"]
[WhiteElo "1953"]
[WhiteRD "73"]
[BlackElo "1640"]
[BlackRD "63"]
[GameID "193714"]

1. d4 d5 2. c4 c6 3. Nf3 dxc4 4. e3 Bf5 5. Bxc4 e6 6. O-O Nf6 7. Nc3 Bd6 8. Re1 h6 9. e4 Bg4 10. e5 Nd5
11. exd6 Qxd6 12. Ne4 Qc7 13. Ng3 Nf6 14. h3 Bxf3 15. Qxf3 O-O 16. Bxh6 Nbd7 17. Bf4 Qb6 18. Qc3 Rac8 19. Bd6 Rfe8 20. b4 Qd8
21. Be5 Nxe5 22. dxe5 Nd5 23. Bxd5 cxd5 24. Qd2 Rc4 25. Rac1 Qe7 26. Rxc4 dxc4 27. Rc1 b5 28. Ne4 Rd8 29. Nd6 a6 30. f4 f6
31. a4 bxa4 32. Rxc4 Qa7+ 33. Qf2 Qb8 34. Qa2 Qb6+ 35. Kh2 fxe5 36. fxe5 Qe3 37. Re4 Qb3 38. Qxb3 axb3 39. Re3 Rb8 40. Rxb3 a5
41. b5 Kh7 42. Ra3 Kg6 43. Rxa5 Kg5 44. Ra4 Kh6 45. Ra6 g5 46. b6
1-0

[Event "2009 año del buey"]
[Site "SchemingMind.com"]
[Date "2009.02.23"]
[Round "-"]
[White "klagefall"]
[Black "tyler_ensor"]
[Result "1/2-1/2"]
[WhiteCountry "GER"]
[BlackCountry "CAN"]
[WhiteElo "1953"]
[WhiteRD "73"]
[BlackElo "1553"]
[BlackRD "124"]
[GameID "193715"]

1. d4 d5 2. c4 e6 3. Nf3 Nf6 4. Bg5 Be7 5. Nc3 O-O 6. e3 h6 7. Bh4 Ne4 8. Bxe7 Qxe7 9. Rc1 Nxc3 10. Rxc3 dxc4
11. Bxc4 b6 12. Bd3 Bb7 13. Bb1 Na6= 14. Qc2 g6 15. h4 Nb4 16. Qc1 Nd5 17. Rb3 h5 18. a3=
1/2-1/2

[Event "2009 año del buey"]
[Site "SchemingMind.com"]
[Date "2009.02.23"]
[Round "-"]
[White "klagefall"]
[Black "myghtyhill"]
[Result "1-0"]
[WhiteCountry "GER"]
[BlackCountry "CHN"]
[WhiteElo "1953"]
[WhiteRD "73"]
[BlackElo "1680"]
[BlackRD "89"]
[GameID "193716"]

1. d4 Nf6 2. c4 g6 3. Nc3 Bg7 4. e4 d6 5. Nf3 O-O 6. Be2 e5 7. d5 a5 8. Bg5 Qd7 9. Nd2 Na6 10. O-O Ne8
11. a3 f6 12. Be3 f5 13. f3 f4 14. Bf2 Nf6 15. b4 b6 16. Nb3 a4 17. Nc1 c5 18. dxc6 Qc7 19. Nd5 Nxd5 20. cxd5 g5
21. Qxa4 Qf7 22. Bxb6 Nc7 23. Qc2 Ne8 24. b5 Nf6 25. Bf2 g4 26. b6 gxf3 27. Bxf3 Bg4 28. Qe2 Qh5 29. h3 Bxf3 30. Qxf3 Qxf3
31. gxf3 Nh5 32. c7 Ng3 33. Bxg3 fxg3 34. b7 g2 35. Kxg2
1-0

[Event "2009 año del buey"]
[Site "SchemingMind.com"]
[Date "2009.02.24"]
[Round "-"]
[White "klagefall"]
[Black "GMCasefoncz"]
[Result "0-1"]
[WhiteCountry "GER"]
[BlackCountry "NCA"]
[WhiteElo "1981"]
[WhiteRD "68"]
[BlackElo "2089"]
[BlackRD "93"]
[GameID "193717"]

1. d4 Nf6 2. c4 e6 3. Nf3 c5 4. d5 d6 5. Nc3 exd5 6. cxd5 g6 7. Bf4 a6 8. e4 b5 9. Qe2 Be7 10. Qc2 O-O
11. a4 b4 12. Nb1 Nbd7 13. Nbd2 Nh5 14. Be3 f5 15. exf5 gxf5 16. Nc4 Ndf6 17. Rd1 f4 18. Bc1 Re8 19. Be2 Bf8 20. O-O Ra7
21. Ng5 Rg7 22. Ne6 Bxe6 23. dxe6 Qa8 24. g3 fxg3 25. fxg3 Nxg3 26. hxg3 Rxg3+ 27. Kf2 Ne4+ 28. Ke1 b3 29. Qb1 Rxe6 30. Rd3 d5
31. Rxg3+ Nxg3 32. Rg1 Rxe2+ 33. Kd1 Re7 34. Rxg3+ Rg7 35. Rxg7+ Bxg7 36. Nd6 Qf8 37. Nf5 c4 38. Ke2 Qe8+ 39. Kf3 Qh5+ 40. Kf2 Be5
0-1

[Event "2009 año del buey"]
[Site "SchemingMind.com"]
[Date "2009.02.24"]
[Round "-"]
[White "jtrochez1"]
[Black "klagefall"]
[Result "1/2-1/2"]
[WhiteCountry "HON"]
[BlackCountry "GER"]
[WhiteElo "1580"]
[WhiteRD "48"]
[BlackElo "1953"]
[BlackRD "73"]
[GameID "193718"]

1. e4 e5 2. Nf3 Nc6 3. d4 exd4 4. Nxd4 Nf6 5. Nxc6 bxc6 6. Bd3 d5 7. exd5 cxd5 8. O-O Be7 9. h3 O-O 10. c3 c6
11. Be3 a5 12. Nd2 Rb8 13. Qc2 c5 14. Nf3 g6 15. b3 Qc7 16. Nh2 Be6 17. c4 d4 18. Bc1 Bd7 19. Be4 Nxe4 20. Qxe4 Bc6
21. Qd3 a4 22. Bd2 Qb7 23. f3 axb3 24. axb3 Qxb3 25. Qxb3 Rxb3 26. Ng4 Ra8 27. Rxa8+ Bxa8 28. Re1 Rb7 29. Bh6 f5 30. Ne5 Bf8
31. Bxf8 Kxf8 32. Kf2 Ra7 33. Nd3 Ra5 34. Re5 Ra4=
1/2-1/2

[Event "2009 año del buey"]
[Site "SchemingMind.com"]
[Date "2009.02.23"]
[Round "-"]
[White "fouche"]
[Black "klagefall"]
[Result "0-1"]
[WhiteCountry "COL"]
[BlackCountry "GER"]
[WhiteElo "1571"]
[WhiteRD "53"]
[BlackElo "1953"]
[BlackRD "73"]
[GameID "193719"]

1. c4 e6 2. Nc3 d5 3. cxd5 exd5 4. d4 c6 5. Nf3 Bf5 6. e3 Nf6 7. Bd3 Bxd3 8. Qxd3 Bd6 9. Ne5 Nbd7 10. f4 O-O
11. h3 c5 12. Bd2 Re8 13. O-O-O cxd4 14. exd4 Rc8 15. Kb1 Bb4 16. g4 Bxc3 17. Bxc3 Ne4 18. Rh2 Nxc3+ 19. bxc3 Nb6 20. g5 Qc7
21. Rc1 Nc4 22. h4 Nxe5= 23. fxe5 Qc4 24. Qxc4 Rxc4 25. h5 Rec8 26. Kb2 b5 27. a3 a5 28. g6 b4 29. axb4 axb4 30. Rh3 hxg6
31. hxg6 fxg6 32. e6 Rxc3 33. Rhxc3 bxc3+ 34. Rxc3 Rxc3 35. Kxc3 Kf8
0-1

[Event "2009 año del buey"]
[Site "SchemingMind.com"]
[Date "2009.02.23"]
[Round "-"]
[White "Mitchell-in"]
[Black "klagefall"]
[Result "1/2-1/2"]
[WhiteCountry "ENG"]
[BlackCountry "GER"]
[WhiteElo "1779"]
[WhiteRD "60"]
[BlackElo "1953"]
[BlackRD "73"]
[GameID "193720"]

1. d4 d5 2. Nf3 Nf6 3. c4 e6 4. Nc3 Be7 5. Bf4 O-O 6. e3 c5 7. cxd5 exd5 8. Bd3 Nc6 9. O-O Bg4 10. dxc5 Bxc5
11. Rc1 Bb6 12. h3 Bh5 13. Be2 Re8 14. Bg5 Bxf3 15. Bxf3 d4=
1/2-1/2

[Event "2009 año del buey"]
[Site "SchemingMind.com"]
[Date "2009.02.23"]
[Round "-"]
[White "kwabena"]
[Black "klagefall"]
[Result "0-1"]
[WhiteCountry "ENG"]
[BlackCountry "GER"]
[WhiteElo "1640"]
[WhiteRD "63"]
[BlackElo "1953"]
[BlackRD "73"]
[GameID "193721"]

1. d4 d5 2. Bf4 Nf6 3. h3 c5 4. dxc5 Nc6 5. a3 e5 6. Bg3 Bxc5 7. e3 a5 8. Nf3 Qb6 9. Qc1 O-O 10. Nxe5 Ne4
11. Bh2 Re8 12. Nd3 Nxf2 13. Nxc5 Nxh1 14. Bd6 Nd4 15. Bf4 Qxc5 16. Nc3 Ne6 17. Bb5 Nxf4 18. Bxe8 Nxg2+ 19. Ke2 Bxh3 20. Bxf7+ Kxf7
21. Qxh1 Qxe3+ 22. Kd1 Bg4+
0-1

[Event "2009 año del buey"]
[Site "SchemingMind.com"]
[Date "2009.02.24"]
[Round "-"]
[White "tyler_ensor"]
[Black "klagefall"]
[Result "0-1"]
[WhiteCountry "CAN"]
[BlackCountry "GER"]
[WhiteElo "1730"]
[WhiteRD "95"]
[BlackElo "1981"]
[BlackRD "68"]
[GameID "193722"]

1. f4 e5 2. fxe5 Nc6 3. Nc3 d6 4. exd6 Bxd6 5. Nf3 g5 6. Ne4 g4 7. Nxd6+ Qxd6 8. Ng1 f5 9. e4 fxe4 10. Bc4 Be6
11. Bxe6 Qxe6 12. Ne2 O-O-O 13. O-O Nf6 14. Nc3 Nd4 15. Ne2 Nf3+ 16. gxf3 gxf3 17. Ng3 Qh3 18. Rxf3 exf3 19. Qxf3 Ng4 20. Qg2 Qxg2+
21. Kxg2 Rhf8 22. Ne4 Nf6 23. Nc5 Rd5 24. Nd3 Ne4 25. b3 Rg5+ 26. Kh3 Rf6
0-1

[Event "2009 año del buey"]
[Site "SchemingMind.com"]
[Date "2009.02.23"]
[Round "-"]
[White "myghtyhill"]
[Black "klagefall"]
[Result "0-1"]
[WhiteCountry "CHN"]
[BlackCountry "GER"]
[WhiteElo "1680"]
[WhiteRD "89"]
[BlackElo "1953"]
[BlackRD "73"]
[GameID "193723"]

1. d4 d5 2. c4 e6 3. Nc3 Be7 4. Nf3 Nf6 5. e3 O-O 6. Bd3 c5 7. O-O cxd4 8. exd4 dxc4 9. Bxc4 Nc6 10. Re1 b6
11. a3 Bb7 12. Bf4 Rc8 13. Ba2 Na5 14. Qe2 Nd5 15. Nxd5 Bxd5 16. b4 Nc4 17. Rac1 b5 18. a4 a6 19. Ne5 Bxb4 20. Red1 Nxe5
21. Bxd5 Ng6 22. Bxe6 Nxf4 23. Bxf7+ Rxf7 24. Qg4 Rfc7 25. Qxf4 Rxc1 26. Rxc1 Rxc1+ 27. Qxc1 Bd6 28. axb5 axb5 29. g3 Qc7 30. Qxc7 Bxc7
31. Kf1 Kf7 32. Ke2 Ke6 33. Kd3 Kd5 34. f3 Bb6 35. h3 b4 36. g4 g5
0-1

[Event "2009 año del buey"]
[Site "SchemingMind.com"]
[Date "2009.02.24"]
[Round "-"]
[White "GMCasefoncz"]
[Black "klagefall"]
[Result "1-0"]
[WhiteCountry "NCA"]
[BlackCountry "GER"]
[WhiteElo "2046"]
[WhiteRD "106"]
[BlackElo "1953"]
[BlackRD "73"]
[GameID "193724"]

1. e4 e5 2. Bc4 Nc6 3. Nf3 Bc5 4. c3 Nf6 5. d3 a6 6. Bb3 h6 7. d4 exd4 8. e5 Ne4 9. O-O O-O 10. cxd4 Be7
11. d5 Nb8 12. Bc2 Ng5 13. Qd3 g6 14. Nh4 Qe8 15. f4 Nh7 16. Qg3 Bc5+ 17. Kh1 d6 18. e6
1-0

[Event "2009 año del buey"]
[Site "SchemingMind.com"]
[Date "2009.02.24"]
[Round "-"]
[White "Brerrabbit"]
[Black "jtrochez1"]
[Result "0-1"]
[WhiteCountry "SCO"]
[BlackCountry "HON"]
[WhiteElo "1349"]
[WhiteRD "72"]
[BlackElo "1580"]
[BlackRD "48"]
[GameID "193726"]

1. e4 e5 2. Nf3 d6 3. d4 exd4 4. c3 dxc3 5. Nxc3 Nc6 6. Bc4 h6 7. Be3 a6 8. Qd2 Be7 9. O-O Bf6 10. Rfd1 Nge7
11. Nd5 Nxd5 12. exd5 Ne5 13. Nxe5 Bxe5 14. Re1 Qh4 15. g3 Qxc4 16. b3 Qg4 17. Rac1 Qf3 18. Bf4 Bh3
0-1

[Event "2009 año del buey"]
[Site "SchemingMind.com"]
[Date "2009.02.23"]
[Round "-"]
[White "Brerrabbit"]
[Black "fouche"]
[Result "0-1"]
[WhiteCountry "SCO"]
[BlackCountry "COL"]
[WhiteElo "1349"]
[WhiteRD "72"]
[BlackElo "1571"]
[BlackRD "53"]
[GameID "193727"]

1. e4 c5 2. d4 cxd4 3. c3 dxc3 4. Nxc3 Nc6 5. Bc4 e6 6. Nf3 d5 7. exd5 exd5 8. Bxd5 Qe7+ 9. Be3 Nf6 10. Qe2 Bg4
11. O-O-O Nxd5 12. Nxd5 Qd8 13. Qb5 Rc8 14. Nc3 Qc7 15. Qg5 Be6 16. Rhe1 h6 17. Qg4 Bxg4 18. Bf4+ Qe7 19. Rxe7+ Bxe7 20. Re1 Bxf3
0-1

[Event "2009 año del buey"]
[Site "SchemingMind.com"]
[Date "2009.02.23"]
[Round "-"]
[White "Brerrabbit"]
[Black "Mitchell-in"]
[Result "0-1"]
[WhiteCountry "SCO"]
[BlackCountry "ENG"]
[WhiteElo "1349"]
[WhiteRD "72"]
[BlackElo "1779"]
[BlackRD "60"]
[GameID "193728"]

1. e4 e5 2. Nf3 Nc6 3. Nc3 Nf6 4. Nxe5 Nxe5 5. d4 Ng6 6. e5 Ng8 7. Bc4 d6 8. Qf3 Qe7 9. O-O Be6 10. exd6 Qxd6
11. Qxb7 Rd8 12. Bb5+ Bd7 13. Re1+ Be7 14. Bg5 Nf6 15. Re3 O-O 16. Rae1 Rb8 17. Qxa7 Bxb5 18. Nxb5 Rxb5
0-1

[Event "2009 año del buey"]
[Site "SchemingMind.com"]
[Date "2009.02.23"]
[Round "-"]
[White "Brerrabbit"]
[Black "kwabena"]
[Result "0-1"]
[WhiteCountry "SCO"]
[BlackCountry "ENG"]
[WhiteElo "1349"]
[WhiteRD "72"]
[BlackElo "1640"]
[BlackRD "63"]
[GameID "193729"]

1. e4 d5 2. exd5 Qxd5 3. Nc3 Qd8 4. Nf3 Bf5 5. Bc4 e6 6. d4 h6 7. Ne5 Nf6 8. O-O a6 9. Re1 Bb4 10. a3 Bxc3
11. bxc3 O-O 12. Bd3 Bxd3 13. cxd3 Nd5 14. c4 Ne7 15. Rb1 b6 16. Re4 Nf5 17. c5 b5 18. g4 Nxd4 19. f4 Ndc6 20. g5 Nxe5
21. fxe5 hxg5 22. Rg4 Nc6 23. Bxg5 Qd5 24. Bh6 Qxc5+ 25. d4 Nxd4 26. Rxd4 gxh6 27. Kf1 Qxe5 28. Qd3 Kh8 29. Rbb4 c5 30. Rh4 Qf5+
31. Qxf5 exf5 32. Rxh6+ Kg7 33. Rbh4 Rh8
0-1

[Event "2009 año del buey"]
[Site "SchemingMind.com"]
[Date "2009.02.23"]
[Round "-"]
[White "Brerrabbit"]
[Black "tyler_ensor"]
[Result "0-1"]
[WhiteCountry "SCO"]
[BlackCountry "CAN"]
[WhiteElo "1324"]
[WhiteRD "77"]
[BlackElo "1758"]
[BlackRD "79"]
[GameID "193730"]

1. e4 e5 2. Nf3 Nc6 3. Nc3 Nf6 4. Nxe5 Nxe5 5. d4 Ng6 6. e5 Ng8 7. Bc4 Bb4 8. O-O N8e7 9. Qf3 O-O 10. Bg5 h6
11. Bxe7 Qxe7 12. Rae1 Bxc3 13. bxc3 Rb8 14. d5 b6 15. Qd3 Qd8 16. e6 dxe6 17. d6 cxd6 18. f4 d5 19. Bb3 Bb7 20. f5 exf5
21. g3 Qd7 22. c4 Rbd8 23. h4 dxc4 24. Qxc4 Qd2 25. Re2 Qd5 26. Qxd5 Bxd5 27. Bxd5 Rxd5 28. c4 Rd4 29. Rxf5 Rxc4 30. h5 Rg4
31. Kg2 Nh4+ 32. Kh3 Nxf5
0-1